[Event "Sousse BICA U16 op 1st"]
[Site "Sousse"]
[Date "2021.12.22"]
[Round "9"]
[White "Affene, Mokhtar"]
[Black "Gamha, Sadek"]
[Result "1-0"]
[WhiteElo "1268"]
[BlackElo "1319"]
[PlyCount "76"]
[EventDate "2021.12.18"]
[EventType "swiss"]
[EventRounds "9"]
[EventCountry "TUN"]
[SourceTitle "CBM 205 Extra"]
[Source "ChessBase"]
[SourceDate "2022.01.31"]
[SourceVersion "1"]
[SourceVersionDate "2022.01.31"]
[SourceQuality "1"]

1. e4 e6 2. d4 d5 3. e5 c5 4. c3 Nc6 5. Nf3 Bd7 6. a3 c4 7. Nbd2 Qa5 8. Be2 Nge7 9. 0-0 Ng6 10. g3 Be7 11. Re1 b5 12. b4 Qd8 13. Nf1 0-0 14. h4 Re8 15. Qd2 f5 16. h5 Nh8 17. Qf4 Rf8 18. g4 Be8 19. Ng3 Bd7 20. gxf5 exf5 21. Kh1 a5 22. Bd2 a4 23. Rg1 Rf7 24. Rae1 Be6 25. Bd1 Kf8 26. Bc2 Qc8 27. Nh4 Bxh4 28. Qxh4 Ne7 29. Bg5 Ra7 30. Re3 Kg8 31. Rf3 g6 32. Kg2 gxh5 33. Qxh5 Neg6 34. Qh6 f4 35. Nh5 Bg4 36. Nf6+ Rxf6 37. Bxf6 Bxf3+ 38. Kxf3 Nf7 1-0

[Event "Sousse BICA U16 op 1st"]
[Site "Sousse"]
[Date "2021.12.20"]
[Round "5"]
[White "Youssef, Ali Taha"]
[Black "Gamha, Sadek"]
[Result "0-1"]
[WhiteElo "1124"]
[BlackElo "1319"]
[PlyCount "52"]
[EventDate "2021.12.18"]
[EventType "swiss"]
[EventRounds "9"]
[EventCountry "TUN"]
[SourceTitle "CBM 205 Extra"]
[Source "ChessBase"]
[SourceDate "2022.01.31"]
[SourceVersion "1"]
[SourceVersionDate "2022.01.31"]
[SourceQuality "1"]

1. e4 e6 2. d4 d5 3. exd5 exd5 4. Nf3 Nf6 5. Bd3 c5 6. c3 Be7 7. 0-0 0-0 8. Be3 c4 9. Bc2 Be6 10. Nbd2 Qa5 11. Ne5 Nc6 12. f4 Nxe5 13. dxe5 Ng4 14. Bd4 Bc5 15. Rf3 f5 16. h3 Nh6 17. Rg3 g6 18. Bxc5 Qxc5+ 19. Kh2 Qf2 20. Rf3 Qh4 21. g3 Qe7 22. Qg1 Qg7 23. Raf1 d4 24. cxd4 Bd5 25. R3f2 Ng4+ 26. hxg4 Qh6# 0-1

[Event "TUN-chT U16"]
[Site "Kelibia"]
[Date "2021.11.06"]
[Round "10.1"]
[White "Saidi, Mohamed Hassen"]
[Black "Gamha, Sadek"]
[Result "0-1"]
[WhiteElo "1295"]
[BlackElo "1328"]
[PlyCount "154"]
[EventDate "2021.11.03"]
[EventType "team-tourn"]
[EventRounds "10"]
[EventCountry "TUN"]
[SourceTitle "CBM 205 Extra"]
[Source "ChessBase"]
[SourceDate "2022.01.31"]
[SourceVersion "1"]
[SourceVersionDate "2022.01.31"]
[SourceQuality "1"]
[WhiteTeam "Metouia"]
[BlackTeam "Msaken"]
[WhiteTeamCountry "TUN"]
[BlackTeamCountry "TUN"]

1. e4 e6 2. d4 d5 3. e5 c5 4. Nf3 Nc6 5. Be3 Qb6 6. b3 cxd4 7. Nxd4 Bc5 8. c3 Nxe5 9. b4 Bxd4 10. Bxd4 Qc7 11. f4 f6 12. fxe5 f5 13. Bb5+ Kd8 14. 0-0 b6 15. Na3 Bd7 16. Rc1 Ne7 17. Bxd7 Qxd7 18. Qe2 Nc8 19. Rfd1 Qe7 20. c4 Qxb4 21. Nb5 a6 22. Rb1 Qxc4 23. Qxc4 dxc4 24. Bxb6+ Ke7 25. Bc5+ Kf7 26. h4 axb5 27. Rd7+ Kg6 28. h5+ Kh6 29. Be3+ g5 30. hxg6+ Kxg6 31. Rxb5 Rxa2 32. Rbb7 Re2 33. Rg7+ Kh5 34. Rg5+ Kh4 35. g3+ Kh3 36. Bf2 h5 37. Rb4 Re4 38. Rb2 Rg4 39. Rxg4 Kxg4 40. Rc2 Rd8 41. Rxc4+ Kf3 42. Rc3+ Kg4 43. Kg2 Kg5 44. Be3+ Kg6 45. Rc7 Re8 46. Kf3 Ne7 47. Ra7 Nc6 48. Ra4 Nxe5+ 49. Kg2 Ng4 50. Bd2 Rc8 51. Ra2 Rc6 52. Bb4 Ne3+ 53. Kf3 Nd5 54. Rb2 Rb6 55. Ba3 Rc6 56. Rb3 Rc3+ 57. Rxc3 Nxc3 58. Bb2 Nd5 59. Be5 Kf7 60. Kg2 Kg6 61. Kf3 Kg5 62. Bd6 Kf6 63. Bf4 Nxf4 64. gxf4 e5 65. fxe5+ Kxe5 66. Ke3 h4 67. Kf3 f4 68. Kg4 Ke4 69. Kxh4 Ke3 70. Kh3 f3 71. Kg3 Ke2 72. Kh2 f2 73. Kg3 f1Q 74. Kh2 Qf4+ 75. Kh3 Qg5 76. Kh2 Kf2 77. Kh3 Qg3# 0-1

[Event "TUN-chT U16"]
[Site "Kelibia"]
[Date "2021.11.05"]
[Round "8.1"]
[White "Zenaidi, Sadok"]
[Black "Gamha, Sadek"]
[Result "0-1"]
[WhiteElo "1318"]
[BlackElo "1328"]
[PlyCount "122"]
[EventDate "2021.11.03"]
[EventType "team-tourn"]
[EventRounds "10"]
[EventCountry "TUN"]
[SourceTitle "CBM 205 Extra"]
[Source "ChessBase"]
[SourceDate "2022.01.31"]
[SourceVersion "1"]
[SourceVersionDate "2022.01.31"]
[SourceQuality "1"]
[WhiteTeam "Bouhjar"]
[BlackTeam "Msaken"]
[WhiteTeamCountry "TUN"]
[BlackTeamCountry "TUN"]

1. e4 e6 2. d4 d5 3. Nc3 Nf6 4. e5 Nfd7 5. Nce2 c5 6. c3 Nc6 7. Nf3 cxd4 8. cxd4 Qb6 9. g3 Bb4+ 10. Bd2 Bxd2+ 11. Qxd2 Qb4 12. Bg2 Qxd2+ 13. Nxd2 Nb6 14. 0-0 Na5 15. Rfc1 Kd8 16. Nc3 a6 17. Bf1 Bd7 18. a3 Rc8 19. b4 Nbc4 20. Bxc4 Nxc4 21. Nxc4 Rxc4 22. Ne2 Bb5 23. Rxc4 Bxc4 24. Nc3 Kc7 25. Rc1 b5 26. a4 Kb6 27. axb5 axb5 28. Ra1 Rc8 29. Rc1 Ra8 30. Nd1 Ra4 31. Rb1 Bd3 32. Rb2 Ra1 33. Rd2 Be4 34. Kf1 Bf3 35. Ke1 Rb1 36. Rd3 Bxd1 37. Rxd1 Rxb4 38. Rd3 Rc4 39. Rf3 Rc7 40. Kd2 b4 41. Rb3 Kb5 42. Rb1 Rc4 43. Kd3 Rc3+ 44. Kd2 Kc4 45. Ra1 Ra3 46. Rc1+ Rc3 47. Ra1 Kxd4 48. Ra7 Rf3 49. Ke2 Ke4 50. Rb7 b3 51. Rb4+ d4 52. h4 Rc3 53. Rb7 d3+ 54. Kd1 Rc2 55. Rxb3 Rxf2 56. Ke1 Ke3 57. Rxd3+ Kxd3 58. Kxf2 Ke4 59. Ke2 h5 60. Kf2 Kxe5 61. Ke3 Kf5 0-1

[Event "TUN-ch U16"]
[Site "Monastir"]
[Date "2021.09.05"]
[Round "8"]
[White "Gamha, Sadek"]
[Black "Dahmani, Sami"]
[Result "1-0"]
[WhiteElo "1317"]
[BlackElo "1281"]
[PlyCount "37"]
[EventDate "2021.09.01"]
[EventType "swiss"]
[EventRounds "9"]
[EventCountry "TUN"]
[SourceTitle "EXT 2023"]
[Source "ChessBase"]
[SourceDate "2022.10.05"]
[SourceVersion "1"]
[SourceVersionDate "2022.10.05"]
[SourceQuality "1"]

1. e4 e5 2. Nf3 Nf6 3. Nc3 Nc6 4. Bc4 Bc5 5. 0-0 0-0 6. d3 h6 7. a3 d6 8. h3 Be6 9. Ba2 a6 10. Ne2 Qd7 11. Ng3 Nd4 12. Bxe6 fxe6 13. Nxd4 Bxd4 14. c3 Bb6 15. Be3 Bxe3 16. fxe3 Nh7 17. Qg4 Nf6 18. Qe2 Rf7 19. Rf3 1-0

[Event "TUN-ch U16"]
[Site "Monastir"]
[Date "2021.09.03"]
[Round "5"]
[White "Jaziri, Yassine"]
[Black "Gamha, Sadek"]
[Result "1/2-1/2"]
[WhiteElo "1368"]
[BlackElo "1317"]
[PlyCount "71"]
[EventDate "2021.09.01"]
[EventType "swiss"]
[EventRounds "9"]
[EventCountry "TUN"]
[SourceTitle "EXT 2023"]
[Source "ChessBase"]
[SourceDate "2022.10.05"]
[SourceVersion "1"]
[SourceVersionDate "2022.10.05"]
[SourceQuality "1"]

1. e4 e6 2. d4 d5 3. Nd2 Nf6 4. e5 Nfd7 5. c3 c5 6. Bd3 Nc6 7. Ne2 Qb6 8. Nf3 Be7 9. 0-0 Qd8 10. Nf4 c4 11. Bc2 h6 12. Re1 b5 13. a3 a5 14. Bd2 a4 15. Nh5 Bf8 16. Be3 g6 17. Ng3 Ba6 18. Qb1 Ne7 19. Bd2 Bg7 20. h3 Qb6 21. Ne2 0-0-0 22. Nc1 Kb7 23. Na2 Nf8 24. Nb4 Ra8 25. Qd1 Ra7 26. Nh2 Nd7 27. Ng4 h5 28. Nh2 Nb8 29. Nf3 Nbc6 30. Bg5 Ka8 31. Bf6 Bxf6 32. exf6 Nxb4 33. axb4 Nf5 34. Bxf5 gxf5 35. Qd2 Qd8 36. Qg5 1/2-1/2

[Event "Bouhjar BICA Blitz op 03"]
[Site "Bouhjar"]
[Date "2021.03.28"]
[Round "2"]
[White "Samali, Abdelhamid"]
[Black "Gamha, Sadek"]
[Result "1-0"]
[WhiteElo "1829"]
[BlackElo "1315"]
[PlyCount "62"]
[EventDate "2021.03.28"]
[EventType "swiss (blitz)"]
[EventRounds "9"]
[EventCountry "TUN"]
[SourceTitle "CBM 202 Extra"]
[Source "ChessBase"]
[SourceDate "2021.07.31"]
[SourceVersion "1"]
[SourceVersionDate "2021.07.31"]
[SourceQuality "1"]

1. e4 e6 2. d4 d5 3. exd5 exd5 4. c4 Nf6 5. Nc3 Be6 6. c5 Nc6 7. Be3 Be7 8. a3 0-0 9. b4 a6 10. Bd3 Na7 11. Nge2 Qc8 12. 0-0 Bd8 13. Rc1 c6 14. Ng3 Nb5 15. a4 Nxc3 16. Rxc3 Bg4 17. Qc2 Re8 18. Qd2 Ne4 19. Nxe4 dxe4 20. Bc4 Be6 21. Rfc1 Bd5 22. Bxd5 cxd5 23. b5 axb5 24. axb5 Qf5 25. c6 bxc6 26. Rxc6 Rb8 27. Qb4 Be7 28. Qb3 Rec8 29. b6 Rxc6 30. Rxc6 Qd7 31. Qb5 Bd8 1-0

[Event "Bouhjar BICA Blitz op 03"]
[Site "Bouhjar"]
[Date "2021.03.28"]
[Round "6"]
[White "Tamzali, Mahjoub"]
[Black "Gamha, Sadek"]
[Result "1-0"]
[WhiteElo "1672"]
[BlackElo "1315"]
[PlyCount "52"]
[EventDate "2021.03.28"]
[EventType "swiss (blitz)"]
[EventRounds "9"]
[EventCountry "TUN"]
[SourceTitle "CBM 202 Extra"]
[Source "ChessBase"]
[SourceDate "2021.07.31"]
[SourceVersion "1"]
[SourceVersionDate "2021.07.31"]
[SourceQuality "1"]

1. d4 d5 2. Bf4 e6 3. Nf3 Nf6 4. e3 Nbd7 5. c4 c6 6. Nc3 a6 7. Qb3 Be7 8. cxd5 Nxd5 9. Nxd5 exd5 10. Bd3 0-0 11. Qd1 f6 12. h4 Bb4+ 13. Kf1 Nb6 14. h5 h6 15. Nh4 Re8 16. Nf5 Bxf5 17. Bxf5 Nc4 18. Qg4 Kh8 19. Qg6 Nd2+ 20. Kg1 Kg8 21. Bxh6 Qc7 22. Bf4 Qd8 23. h6 Bf8 24. hxg7 Bxg7 25. Rh7 Qe7 26. Bh6 Qf8 1-0